| 000 | 01049cab a2200253 4500 | ||
|---|---|---|---|
| 001 | L135820 | ||
| 008 | 061212n2006 000 0 eng u | ||
| 035 | _a(Sirsi) u135820 | ||
| 041 | 0 | _aeng | |
| 100 | 1 | _aElghamry, Nadia | |
| 245 | 0 | 0 | _aFocus East London, Docklands and Thames Gateway |
| 260 | _c2006 | ||
| 490 | 0 |
_aEstates Gazette _v(0646) 18 November 2006, 139-163(16) |
|
| 520 | _aCovers the implications of eco parking tax proposals in London, the expansion of Canary Wharf, and the controversy surrounding redevelopment of former wharves along the River Thames. Reports on the Ebbsfleet development in the north Kent stretch of the Thames Gateway discussing the potential difficulties of selling the site as a new office hotspot to rival Reading. | ||
| 651 | 4 | _aEAST LONDON | |
| 651 | 4 | _aDOCKLANDS | |
| 651 | 4 | _aTHAMES GATEWAY | |
| 690 | _aPROPERTY-COMMERCIAL PROPERTY-COMMERCIAL PROPERTY MARKET | ||
| 700 | 1 | _aNorwood, Graham | |
| 700 | 1 | _aMoore, Charlotte | |
| 700 | 1 | _aJack, Simon | |
| 700 | 1 | _aHarris, David | |
| 942 | _n0 | ||
| 999 |
_c78015 _d78015 |
||